000
00331nam a2200145Ia 4500
008
191201s2009 xx 000 0 und d
082
_a
658
_b
PAF
100
_a
PAL, Karam
245
0
_a
Foundations of Management
250
_a
1st
260
_a
N.Delhi
_b
Vayu Edu. India
_c
2009
300
_a
309
650
_a
MBA
942
_2
ddc
_c
BK
999
_c
4182
_d
4182